00386nam a2200109 i 4500001000300000245009900003260001900102040000800121041000800129008004100137856009800178bg 0a9th International Symposium on the Reactivity of Solids :bCracow, Poland, September 1-6 1980. aCracow,c1980. cBPK apol s pl f |000 0 pol  uhttp://koha.tu.koszalin.pl/cgi-bin/koha/opac-detail.pl?biblionumber=19436yKatalog online BPK